000
00282nam a22001217a 4500
005
20251009124123.0
008
251009b |||||||| |||| 00| 0 eng d
040
_c
PK-LaNCA
082
_a
711.4
_b
OSC
245
_a
Oscar Niemeyer: curves of irreverence
260
_a
942
_c
BK
999
_c
66943
_d
66943